Представление документа в формате MARC21

ПолеНазваниеЗначение
  Тип записи a
  Библиографический уровень m
001 Контрольный номер BIBLIOCLUB\0000596328
005 Дата корректировки 20220829112804.3
006 m o d
007 Элементы данных для физической характеристики c|||||||||||||
008 Кодируемые данные s2019 rus o rus d
041 Код языка издания 0_
a Код языка текста rus
084 Индекс другой классификации/Индекс ББК __
a Индекс другой классификации/Индекс ББК 68.49(2Рос)я73
b Номер единицы LBC/PL
2 Источник индекса rubbk
245 Заглавие 10
a Заглавие Основы обороны государства и военной службы: учебное пособие (практикум)
b Продолж. заглавия практикум
c Ответственность авт.-сост. С. Ю. Рожков
c Ответственность авт.-сост. Ю. А. Маренчук
c Ответственность авт.-сост. О. В. Клименко
c Ответственность Северо-Кавказский федеральный университет
260 Выходные данные __
a Место издания Ставрополь
b Издательство Северо-Кавказский Федеральный университет (СКФУ)
c Дата издания 2019
300 Физическое описание __
a Объем 114 с.
b Иллюстрации/ тип воспроизводства схем., табл.
504 Библиография __
a Библиография Библиогр. в кн
653 Ключевые слова 1_
a Ключевые слова Учебник для высшей школы
856 Электронный адрес документа 40
3 Область применения данных поля Университетская библиотека ONLINE
u URL https://biblioclub.ru/index.php?page=book&id=596328